000 00887nam a2200253Ia 4500
003 OSt
005 20221005111339.0
006 a|||||r|||| 00| 0
007 ta
008 221004b |||||||| |||| 00| 0 hin d
020 _a9789352294497 (hbk)
_cINR 995.00
024 _a29554
037 _b78, 15/03/2017, Mallika Books
_cTextual
040 _aCRL
_cCRL
_bhin
041 _2hin
_ahin
082 _aO168,6N52w,1, 152Q6
100 _aराना, मुनव्वर, ले.
245 0 _aमीर आ के लौट गया
246 _aMīr ā ke lauṭ gayā
260 _aनई दिल्ली
_bवाणी प्रकाशन भारत
_c2016
300 _a644पृ0
_ccm.
942 _hO168,6N52w,1, 152Q6
_cTEXL
_2cc
999 _c1021563
_d1021563